000 00310nam a22001337a 4500
008 170831b xxu||||| |||| 00| 0 eng d
020 _a9780534349165
041 _aeng
080 _a047
100 _a40
101 _aMED
245 _aINTRVIEWING SYRAYEGIES FOR HELPERS
_cCORMIER.SH
942 _2udc
_cBK
999 _c25755
_d25755